000
00200 a2200097 4500
001
43903
100
_a
Naumani S
245
_a
Imam Azam
260
_a
Lahore
_b
Singe-I-Meal
_c
090
_c
27644
_d
27644
942
_a
NUST-CAE
_c
M
_c
19607
999
_c
278976
_d
278976